Hodnotenie efektívnosti implementácie informačného systému

Návrh metód a postupov pre hodnotenie efektívnosti implementácie informačného systému. Analýza vzťahu medzi fázami implementácie a rizikovými faktormi a vymedzenie všeobecných zásad, ktorých aplikácia zvyšuje efektívnosť implementácie. Pri spracovaní problematiky bola použitá metóda indukcie, syntéz...

Descripción completa

Guardado en:
Detalles Bibliográficos
Autor principal: Žiar, Daniel
Formato: Capítulo de libro
Lenguaje:eslovaco
Materias:
Etiquetas: Agregar Etiqueta
Sin Etiquetas, Sea el primero en etiquetar este registro!

MARC

LEADER 00000nla$a2200000$$$4500
001 0103564
005 20240502072127.9
041 0 |a slo 
044 |a SK 
245 1 0 |a Hodnotenie efektívnosti implementácie informačného systému  |c Daniel Žiar 
520 |a Návrh metód a postupov pre hodnotenie efektívnosti implementácie informačného systému. Analýza vzťahu medzi fázami implementácie a rizikovými faktormi a vymedzenie všeobecných zásad, ktorých aplikácia zvyšuje efektívnosť implementácie. Pri spracovaní problematiky bola použitá metóda indukcie, syntézy, komparácie a abstrakcie. 
610 2 0 |a efektívnosť ekonomická 
610 2 0 |a zákazníci 
610 2 0 |a dáta 
610 2 0 |a komunikácia 
610 2 0 |a systémy informačné 
100 1 |a Žiar, Daniel